Britain on borrowed time

Na minha lista:
Detalhes bibliográficos
Autor principal: Jones, Glyn
Formato: Livro
Idioma:Undetermined
Publicado em: London Penguin Books 1967
Assuntos:
Tags: Adicionar Tag
Sem tags, seja o primeiro a adicionar uma tag!
Thư viện lưu trữ: Trung tâm Học liệu Trường Đại học Cần Thơ
LEADER 00527nam a2200193Ia 4500
001 CTU_86414
008 210402s9999 xx 000 0 und d
082 |a 658 
082 |b J77 
100 |a Jones, Glyn 
245 0 |a Britain on borrowed time 
245 0 |c Glyn Jones 
260 |a London 
260 |b Penguin Books 
260 |c 1967 
650 |a Industrial management,Wages and labor productivity 
650 |z Great britain,Great britain 
904 |i Năm 
980 |a Trung tâm Học liệu Trường Đại học Cần Thơ